Konkurencieschopnosť a výkonnosť slovenskej ekonomiky diplomová práca

Saved in:
Bibliographic Details
Main Author: Konečný, Ondrej
Corporate Author: Obchodná fakulta EU. Katedra medzinárodného obchodu
Other Authors: Rosenberg, Miloslav
Format: Book
Language:Slovak
Published: Bratislava 2008
Tags: Add Tag
No Tags, Be the first to tag this record!

MARC

LEADER 00000nam$a2200000$$$4500
001 0085925
005 20240201115429.1
041 0 |a slo 
044 |a SK 
245 1 0 |a Konkurencieschopnosť a výkonnosť slovenskej ekonomiky  |b diplomová práca  |c Ondrej Konečný ; škol. Miloslav Rosenberg 
264 1 |a Bratislava  |c 2008 
300 |a 88 s. 
100 1 |a Konečný, Ondrej 
700 1 |a Rosenberg, Miloslav 
710 2 |a Obchodná fakulta EU. Katedra medzinárodného obchodu